| 000 | 01204nam a22002417a 4500 | ||
|---|---|---|---|
| 999 |
_c60144 _d60144 |
||
| 003 | Ge_BSU | ||
| 005 | 20230612173550.0 | ||
| 008 | 230612s2004 ge ||||| |||| 00| 0 geo d | ||
| 020 | _a9994020536 | ||
| 041 | _ageo | ||
| 080 | _a930(479.22)(092) ნ-16 | ||
| 100 |
_aნადირაძე, ქეთევან _918655 |
||
| 245 |
_aთედო ჟორდანია - საქართველოს ისტორიის მკვლევარი : _b(ისტორიული ნარკვევი) / _cქეთევან ნადირაძე ; [რედ. ნ. ვაჩნაძე]. |
||
| 264 |
_aთბილისი : _bთბილ. უნ-ტის გამ-ბა, _c2004. |
||
| 300 |
_a272 გვ. ; _b20 სმ. |
||
| 504 | _a ბიბლიოგრ.: გვ. 248-270. | ||
| 520 | _a რეზ. რუს. და ინგლ. ენ. | ||
| 653 | _aჟორდანია, თედო. | ||
| 653 | _aქართველი ისტორიკოსები | ||
| 653 | _aსაქართველოს ახალი ისტორია | ||
| 700 |
_aვაჩნაძე, ნ. _eრედაქტორი _912849 |
||
| 942 |
_2udc _cBK |
||